• 首页
  • 本馆介绍
  • 公告通知
  • 最新文献
  • 馆藏检索
  • 电子资源
  • 读者导购
  • 参考咨询
  • 我的图书馆
  • 登录
  • 详细信息显示
  • 放入我的书架
  • 预约/预借图书
  • 作者相关作品
  • 分类相关作品
  • 丛书相关作品
  • 出版社相关作品

书目信息

  • 表格格式
  • 工作单格式
  • 卡片格式
题名:
江西木本及珍稀植物图志
    
 
作者: 刘仁林 , 朱恒 主编
分册:  
出版信息: 北京   中国林业出版社  2015
页数: 783页
开本: 30cm
丛书名:
单 册:
中图分类: Q948.525.6 , Q948.525.6-64
科图分类:
主题词: 植物志--图谱--江西
电子资源:
ISBN: 978-7-5038-8044-5
000 01029nam0 2200265 450
001 3754
005 20160926152034.15
010    @a978-7-5038-8044-5@b精装@dCNY498.00
100    @a20160128d2015 em y0chiy50 ea
101 0  @achi@aeng
102    @aCN@b110000
105    @aa z 001yy
200 1  @a江西木本及珍稀植物图志@9jiang xi mu ben ji zhen xi zhi wu tu zhi@f刘仁林,朱恒主编
210    @a北京@c中国林业出版社@d2015
215    @a783页@d30cm
312    @a封面英文题名:Jiangxi woody and rare flora
330    @a本书收录了江西1100多种木本植物,记录了80%以上的江西分布种,其中裸子植物及被子植物的有些科,如木兰科、金缕梅科、桦木科、壳斗科、胡颓子科、黄杨科、杜英科、木通科、杜鹃花科、柿树科等达到收录95%以上的江西分布的种。
510 1  @aJiangxi woody and rare flora@zeng
606 0  @a植物志@j图谱@y江西
690    @aQ948.525.6@v5
690    @aQ948.525.6-64@v4
701  0 @a刘仁林@9liu ren lin@4主编
701  0 @a朱恒@9zhu heng@4主编
801  0 @aCN@b唐山师范学院图书馆@c20151002
905    @aZUCC@dQ948.525.6@e302
    
    江西木本及珍稀植物图志/刘仁林,朱恒主编.-北京:中国林业出版社,2015
    783页;30cm
    
    
    ISBN 978-7-5038-8044-5(精装):CNY498.00
    本书收录了江西1100多种木本植物,记录了80%以上的江西分布种,其中裸子植物及被子植物的有些科,如木兰科、金缕梅科、桦木科、壳斗科、胡颓子科、黄杨科、杜英科、木通科、杜鹃花科、柿树科等达到收录95%以上的江西分布的种。
●
相关链接 在E读中查询图书 在五车中查询图书 在当当中查询图书 在豆瓣中查询图书


正题名:江西木本及珍稀植物图志     索取号:Q948.525.6/302         预约/预借

序号 登录号 条形码 馆藏地/架位号 状态 备注
1 906349   209063494   第二样本阅览室/ [索取号:Q948.525.6/302] 在馆    
2 906350   209063500   密集书库-生命科学系/ [索取号:Q948.525.6/302] 在馆    
3 906351   209063519   第三借阅区/ [索取号:Q948.525.6/302] 在馆    
唐山师范学院图书馆 欢迎您!
大连网信软件有限公司© 版权所有